00360 a2200121 450000500170000002000220001708200160003910000180005524500740007325000120014726000380015930000410019720250626050509.0 a978-0-07-352606-5 a808.027 ARN aARNOLD, T . G aMedia Writer's Handbook: A guide to Common Writing & Editing Problems a4th Ed. aBostonbMcGraw-Hill Irwin c2007. axviii,341p.bIndex, Referencesc22cm